| 000 | 01619cam a22004457a 4500 | ||
|---|---|---|---|
| 001 | 000092970 | ||
| 003 | CHAP | ||
| 005 | 20220329142913.0 | ||
| 008 | 050126d2004 mx r 00110 spa d | ||
| 010 | _a89436 | ||
| 011 | _a90408 | ||
| 035 | _a100964 | ||
| 040 | _cCHAP | ||
| 090 | _aTesis | ||
| 100 | 0 | 0 |
_aCrespo Herrera, Leonardo Abdiel _928899 |
| 245 | 1 | 0 |
_aModelos matemáticos para la estimación de biomasa de órganos aéreos de limón persa (Citrus latifolia Tan.) / _c/por Leonardo Abdiel Crespo Herrera. |
| 260 |
_aChapingo, Méx. : _bEl autor, _c2004. |
||
| 300 |
_a37 h. : _bgráfs.; cuadros. |
||
| 502 | _aTesis ( Ing. Agr. Esp. en Fitotecnia ) -- UACH. Departamento de Fitotecnia | ||
| 590 |
_aALEPH _b10 _c20130110 _lUCH01 _h1503 |
||
| 590 |
_aBATCH-UPD _b10 _c20130110 _lUCH01 _h0730 |
||
| 590 |
_aBATCH-UPD _b10 _c20130410 _lUCH01 _h0413 |
||
| 590 |
_aBATCH-UPD _b10 _c20130914 _lUCH01 _h0638 |
||
| 590 |
_aBATCH-UPD _b10 _c20140324 _lUCH01 _h1448 |
||
| 590 |
_aBATCH-UPD _b10 _c20141002 _lUCH01 _h0825 |
||
| 590 |
_aCONVERSION _b10 _c20130109 _lUCH01 _h1350 |
||
| 590 |
_aE12093SGE _b10 _c20130620 _lUCH01 _h1223 |
||
| 650 | 1 | 4 |
_aBiomasa. _912825 |
| 650 | 1 | 4 |
_aLimón persa. _966865 |
| 650 | 1 | 4 |
_aLimón persa _xMéxico. _966871 |
| 650 | 1 | 4 |
_aLimón _xRendimiento. _966848 |
| 650 | 1 | 4 |
_aModelos matemáticos. _976419 |
| 856 |
_3Finding aid _uhttp://10.13.5.2/tesis/100964.pdf _zTeclea aquí |
||
| 901 | _aBK | ||
| 905 | _aElisama A.H. | ||
| 942 | _cCD | ||
| 942 | _n0 | ||
| 949 |
_aTesis _bBC _cTES _d100964 _eTS1 _h42962 _i100964 _sb |
||
| 949 |
_aTesis _bBC _cTES _d33724000930350 _eTS2 _fc.2 _h42963 _i100964 _sb |
||
| 999 |
_c89436 _d89436 |
||